000 00507nam a2200205Ia 4500
003 GCL
008 140319s9999 xx 000 0 eng d
040 _aGCL /
_cGCL
082 0 4 _aCC
_b962.3
_bH A
100 1 _aHABACHI, LABIB
245 1 0 _aASWAN /
_cHABACHI, LABIB
700 1 _aRIAD, HENRI
260 _a[S.N] :
_bIMPRIMERIE DE L' I.F.A.O ،
_c1959
300 _a78 P
650 0 4 _aASWAN
650 0 4 _aUPPER EGYPT
650 0 4 _aEGYPT - ANIMALS
650 0 4 _aEGYPT - ANTIQUITIES
942 _2ddc
_cBK
999 _c20332
_d20332